[Event "San Francisco"]
[Site "San Francisco"]
[Date "2014.06.08"]
[Round "?"]
[White "Mikhalchishin, Adrian"]
[Black "Alburt, Lev O"]
[Result "1-0"]
[WhiteElo "2561"]
[BlackElo "2539"]
[PlyCount "59"]
[EventDate "2014.06.06"]
[EventType "tourn (rapid)"]
[EventRounds "7"]
[EventCountry "USA"]
[SourceTitle "CBM 161"]
[Source "ChessBase"]
[SourceDate "2014.07.16"]
[SourceVersion "1"]
[SourceVersionDate "2014.07.16"]
[SourceQuality "1"]

1. Nf3 c5 2. c4 g6 3. d4 cxd4 4. Nxd4 Nc6 5. e4 Nf6 6. Nc3 Nxd4 7. Qxd4 d6 8. c5 Bg7 9. cxd6 0-0 10. Qb4 a5 11. Qb5 exd6 12. Bd3 d5 13. e5 Ng4 14. f4 Be6 15. 0-0 Qh4 16. h3 Nh6 17. Bd2 Bxh3 18. Be1 Qh5 19. gxh3 Qxh3 20. Rf2 d4 21. Nd5 Rfd8 22. Rh2 Qg4+ 23. Rg2 Qe6 24. Bc4 Kh8 25. Nf6 Qe7 26. Bh4 Rdc8 27. Bd3 Qe6 28. Qb3 Qc6 29. Be4 Qc5 30. Rd1 1-0

[Event "Rockville Razuvaev Memorial"]
[Site "Rockville"]
[Date "2013.08.09"]
[Round "2"]
[White "Alburt, Lev O"]
[Black "Sedina, Elena"]
[Result "1-0"]
[WhiteElo "2539"]
[BlackElo "2311"]
[PlyCount "161"]
[EventDate "2013.08.08"]
[EventType "schev"]
[EventRounds "4"]
[EventCountry "USA"]
[SourceTitle "CBM 155 Extra"]
[Source "ChessBase"]
[SourceDate "2013.08.26"]
[SourceVersion "1"]
[SourceVersionDate "2013.08.26"]
[SourceQuality "1"]
[WhiteTeam "Friends of Razuvaev"]
[BlackTeam "Women"]
[WhiteTeamCountry "USA"]
[BlackTeamCountry "USA"]

1. d4 d5 2. c4 c6 3. Nf3 Nf6 4. Qb3 dxc4 5. Qxc4 Bf5 6. g3 e6 7. Bg2 Be7 8. 0-0 0-0 9. Nc3 Nbd7 10. Re1 Ne4 11. Bf4 Nxc3 12. bxc3 Be4 13. Qb3 c5 14. Rad1 Qc8 15. Bh3 Nb6 16. Ne5 cxd4 17. Rxd4 Bd5 18. c4 Bc6 19. Nxc6 Qxc6 20. Bg2 Qc5 21. Be3 Qc7 22. Rc1 Bc5 23. Rh4 Bxe3 24. Qxe3 h6 25. Rg4 Kh8 26. c5 Nd5 27. Bxd5 exd5 28. Qd4 f5 29. Rg6 Kh7 30. Rd6 Rad8 31. Rxd5 Rxd5 32. Qxd5 f4 33. Rb1 Rf7 34. Rb3 Kh8 35. Rd3 Qe7 36. Qd8+ Kh7 37. Qxe7 Rxe7 38. Kf1 Rf7 39. g4 Rc7 40. Rd5 g5 41. h4 Kg6 42. Kg2 gxh4 43. Kf3 h3 44. Rh5 h2 45. Kg2 Re7 46. Kf3 Rc7 47. a4 Rxc5 48. Rxh2 Ra5 49. Kxf4 Rxa4+ 50. e4 Ra2 51. Kg3 b5 52. Rh5 b4 53. Rb5 a5 54. f3 Ra3 55. Kf4 b3 56. Rb6+ Kf7 57. Ke5 a4 58. f4 Ra2 59. Rb7+ Ke8 60. Rb4 Kd7 61. f5 Kc6 62. Kd4 b2 63. f6 a3 64. f7 b1Q 65. Rxb1 Rf2 66. Ra1 Rxf7 67. Rxa3 Rf4 68. Ra6+ Kd7 69. Rg6 Ke7 70. Ke5 Rf1 71. Rxh6 Ra1 72. Rh7+ Kf8 73. Kf5 Rf1+ 74. Kg6 Ra1 75. Rh8+ Ke7 76. g5 Ra5 77. Kh6 Ra1 78. g6 Rg1 79. Ra8 Rg4 80. g7 Rh4+ 81. Kg5 1-0

[Event "USA-ch"]
[Site "Parsippany"]
[Date "1996.??.??"]
[Round "13"]
[White "Alburt, Lev O"]
[Black "Kaidanov, Gregory S"]
[Result "1-0"]
[WhiteElo "2560"]
[BlackElo "2580"]
[PlyCount "95"]
[EventDate "1996.07.13"]
[EventType "tourn"]
[EventRounds "13"]
[EventCountry "USA"]
[EventCategory "12"]
[SourceTitle "CBM 055"]
[Source "ChessBase"]
[SourceDate "1996.12.01"]
[SourceVersion "1"]
[SourceVersionDate "1996.12.01"]
[SourceQuality "1"]

1. Nf3 d5 2. c4 dxc4 3. e3 e6 4. Bxc4 c5 5. 0-0 Nf6 6. Qe2 a6 7. a3 b5 8. Ba2 Bb7 9. a4 Nbd7 10. Na3 bxa4 11. Nc4 Be7 12. d3 Nd5 13. Bb1 Bc6 14. Bc2 0-0 15. Bd2 N5b6 16. e4 Nxc4 17. dxc4 Bf6 18. Bc1 Qa5 19. e5 Be7 20. Bd2 Qc7 21. Bc3 Rfe8 22. Rfe1 Nf8 23. h4 Qb7 24. h5 h6 25. Nd2 Rad8 26. Ne4 Nh7 27. f4 f5 28. Nd2 Bh4 29. Rf1 Nf8 30. Kh2 Qf7 31. g4 Rd7 32. Rg1 Red8 33. Nf1 Kh8 34. Kh3 fxg4+ 35. Kxh4 g5+ 36. hxg6 Nxg6+ 37. Bxg6 Qxg6 38. Rxg4 Qf7 39. f5 Kh7 40. f6 Rg8 41. Rd1 Rxd1 42. Qxd1 Be8 43. Qd3+ Kh8 44. Rxg8+ Qxg8 45. Qg3 Bg6 46. Qe3 Kh7 47. Bd2 Qf8 48. Ng3 1-0

[Event "USA-ch"]
[Site "Parsippany"]
[Date "1996.??.??"]
[Round "11"]
[White "Alburt, Lev O"]
[Black "Yermolinsky, Alex"]
[Result "1/2-1/2"]
[WhiteElo "2560"]
[BlackElo "2610"]
[PlyCount "91"]
[EventDate "1996.07.13"]
[EventType "tourn"]
[EventRounds "13"]
[EventCountry "USA"]
[EventCategory "12"]
[SourceTitle "CBM 055"]
[Source "ChessBase"]
[SourceDate "1996.12.01"]
[SourceVersion "1"]
[SourceVersionDate "1996.12.01"]
[SourceQuality "1"]

1. d4 Nf6 2. c4 e6 3. Nf3 Bb4+ 4. Nbd2 b6 5. g3 Bb7 6. Bg2 0-0 7. 0-0 d5 8. Qc2 Nbd7 9. cxd5 exd5 10. Rd1 Re8 11. Nf1 Bd6 12. Bf4 Bxf4 13. gxf4 c5 14. e3 Rc8 15. Qf5 Nf8 16. Ng3 Ne6 17. Qd3 cxd4 18. Nxd4 Nxd4 19. Qxd4 g6 20. Qa4 Bc6 21. Qb3 Qe7 22. Rd4 Bb7 23. Rad1 Rc5 24. Ne2 Bc8 25. Nc3 Ng4 26. R1d2 Qh4 27. h3 Nf6 28. Nxd5 Nxd5 29. Rxd5 Bxh3 30. Rxc5 Bxg2 31. Kxg2 Qg4+ 32. Kf1 bxc5 33. Qb7 Qh3+ 34. Ke1 a5 35. Qc6 Rc8 36. Qd5 h5 37. f5 Qxf5 38. Qxf5 gxf5 39. Rd5 Kg7 40. Rxf5 Kg6 41. Rd5 a4 42. a3 f6 43. Kf1 Rc7 44. Kg2 Rc8 45. Kg3 Rc7 46. Kf3 1/2-1/2

[Event "USA-ch"]
[Site "Parsippany"]
[Date "1996.??.??"]
[Round "8"]
[White "Benjamin, Joel"]
[Black "Alburt, Lev O"]
[Result "1/2-1/2"]
[WhiteElo "2565"]
[BlackElo "2560"]
[PlyCount "98"]
[EventDate "1996.07.13"]
[EventType "tourn"]
[EventRounds "13"]
[EventCountry "USA"]
[EventCategory "12"]
[SourceTitle "CBM 055"]
[Source "ChessBase"]
[SourceDate "1996.12.01"]
[SourceVersion "1"]
[SourceVersionDate "1996.12.01"]
[SourceQuality "1"]

1. d4 d5 2. c4 c6 3. Nf3 Nf6 4. e3 a6 5. Nbd2 Bf5 6. Be2 e6 7. Ne5 Nbd7 8. g4 Bg6 9. h4 dxc4 10. Ndxc4 Be4 11. f3 Bd5 12. e4 Bxc4 13. Nxc4 b5 14. Ne3 Qb6 15. a4 Rd8 16. axb5 axb5 17. Nc2 e5 18. Be3 Nc5 19. d5 Qb7 20. b4 Na6 21. Qd3 Nxb4 22. Nxb4 Bxb4+ 23. Kf2 0-0 24. dxc6 Qxc6 25. Qxb5 Qxb5 26. Bxb5 Bd2 27. Bc5 Bc3 28. Bxf8 Bxa1 29. Rxa1 Kxf8 30. Ra7 h6 31. Bc4 Rd7 32. Ra5 Rc7 33. Bd3 Nd7 34. Rd5 Nc5 35. Ke3 f6 36. Rd8+ Ke7 37. Rb8 Ne6 38. h5 Nd4 39. f4 Nc6 40. Rg8 exf4+ 41. Kxf4 Kd6 42. Be2 Ne5 43. Ke3 Ra7 44. Rd8+ Ke7 45. Rg8 Ra3+ 46. Kf2 Kf7 47. Rc8 Rh3 48. Rc7+ Kg8 49. Bc4+ Nxc4 1/2-1/2

[Event "USA-ch"]
[Site "Parsippany"]
[Date "1996.??.??"]
[Round "12"]
[White "Ivanov, Igor Vasilievich"]
[Black "Alburt, Lev O"]
[Result "0-1"]
[WhiteElo "2475"]
[BlackElo "2560"]
[PlyCount "104"]
[EventDate "1996.07.13"]
[EventType "tourn"]
[EventRounds "13"]
[EventCountry "USA"]
[EventCategory "12"]
[SourceTitle "CBM 055"]
[Source "ChessBase"]
[SourceDate "1996.12.01"]
[SourceVersion "1"]
[SourceVersionDate "1996.12.01"]
[SourceQuality "1"]

1. d4 Nf6 2. c4 c5 3. e3 g6 4. Nf3 Bg7 5. Nc3 cxd4 6. Nxd4 0-0 7. Be2 d5 8. cxd5 Nxd5 9. Nxd5 Qxd5 10. Bf3 Qc5 11. 0-0 e5 12. Nb3 Qe7 13. Qd5 Re8 14. Rd1 Nc6 15. Qc5 e4 16. Qxe7 Rxe7 17. Be2 Bf5 18. Rb1 a5 19. Bd2 a4 20. Nc5 b6 21. Na6 Be6 22. b4 axb3 23. axb3 Rd7 24. b4 Ba2 25. Be1 Bxb1 26. Rxd7 Ne5 27. Rd1 Bc2 28. Rd2 Bd3 29. b5 Rc8 30. Bxd3 Nxd3 31. Rd1 Bf8 32. Kf1 f5 33. Rb1 Kf7 34. f3 Ke6 35. fxe4 fxe4 36. Bg3 Bd6 37. Bxd6 Kxd6 38. Nb4 Rc1+ 39. Rxc1 Nxc1 40. Nc6 Kc5 41. Nd4 Kc4 42. h4 Kd3 43. Kf2 Kd2 44. Ne6 Nd3+ 45. Kg3 Kxe3 46. Nf8 Kd2 47. Nxh7 e3 48. Ng5 e2 49. Nf3+ Kd1 50. Kg4 Ne5+ 51. Nxe5 e1Q 52. Nxg6 Qe2+ 0-1

[Event "New York PCA-qual"]
[Site "New York"]
[Date "1995.??.??"]
[Round "3"]
[White "Alburt, Lev O"]
[Black "Hodgson, Julian M"]
[Result "0-1"]
[WhiteElo "2560"]
[BlackElo "2615"]
[PlyCount "94"]
[EventDate "1995.??.??"]
[EventType "swiss"]
[EventRounds "11"]
[EventCountry "USA"]
[SourceTitle "CBM 047 Extra"]
[Source "ChessBase"]
[SourceDate "1995.09.01"]
[SourceVersion "1"]
[SourceVersionDate "1995.09.01"]
[SourceQuality "1"]

1. d4 d5 2. Nf3 c6 3. Bg5 h6 4. Bh4 Qb6 5. Nbd2 Nf6 6. Bxf6 exf6 7. Qc1 c5 8. e3 Nc6 9. c3 Bf5 10. Be2 cxd4 11. Nxd4 Nxd4 12. exd4 Bd6 13. 0-0 0-0 14. Bf3 Be6 15. Qc2 Rad8 16. Rfe1 f5 17. Qb3 Qa6 18. Nf1 Bb8 19. a4 Qc6 20. Qb5 Qc7 21. Re2 Rd6 22. a5 g6 23. g3 Rfd8 24. Nd2 h5 25. Nb3 b6 26. Nc1 f4 27. Nd3 fxg3 28. hxg3 Bd7 29. Qb3 Bf5 30. Nf4 h4 31. Re5 hxg3 32. fxg3 Be4 33. Bxe4 dxe4 34. Re1 bxa5 35. R1xe4 Rb6 36. Qa2 Qc6 37. Nd5 Kg7 38. Ne7 Qb7 39. Rf4 Rf8 40. Qxa5 Rxb2 41. Rf2 Rb1+ 42. Rf1 Rxf1+ 43. Kxf1 Qf3+ 44. Ke1 Qxg3+ 45. Kd1 Bxe5 46. dxe5 Qd3+ 47. Kc1 Rb8 0-1

[Event "New York op"]
[Site "New York"]
[Date "1994.??.??"]
[Round "3"]
[White "Alburt, Lev O"]
[Black "Friedman, Josef"]
[Result "1-0"]
[WhiteElo "2560"]
[BlackElo "2305"]
[PlyCount "101"]
[EventDate "1994.03.30"]
[EventType "swiss"]
[EventRounds "9"]
[EventCountry "USA"]
[SourceTitle "CBM 040 Extra"]
[Source "ChessBase"]
[SourceDate "1994.07.01"]
[SourceVersion "1"]
[SourceVersionDate "1994.07.01"]
[SourceQuality "1"]

1. d4 Nf6 2. c4 e6 3. g3 c5 4. d5 exd5 5. cxd5 d6 6. Nc3 g6 7. Nf3 Bg7 8. Bg2 0-0 9. 0-0 Na6 10. Nd2 Nc7 11. Nc4 b6 12. Nxd6 Qxd6 13. Bf4 Qd7 14. d6 Ne6 15. Bxa8 Nxf4 16. gxf4 Qg4+ 17. Bg2 Qxf4 18. Qd3 Ng4 19. Qg3 Qh6 20. Nd5 Be6 21. h3 Ne5 22. Rad1 Nd7 23. b3 f5 24. Qe3 Qxe3 25. Nxe3 Rd8 26. Bd5 Kf7 27. Bxe6+ Kxe6 28. Nd5 Ne5 29. Rd2 Bh6 30. f4 Nf7 31. Nc7+ Kd7 32. Nb5 a6 33. Nc7 Nxd6 34. Nd5 Kc6 35. Rfd1 Bg7 36. e3 b5 37. Ne7+ Kc7 38. Rd4 Nb7 39. Rxd8 Nxd8 40. Nd5+ Kb7 41. Nb4 Ne6 42. Rd6 Nf8 43. Nxa6 c4 44. Kf2 Bb2 45. Nb4 Ba3 46. Rd5 Kb6 47. Nc2 Bc5 48. b4 Be7 49. Nd4 Ka6 50. a3 c3 51. Ke2 1-0

[Event "New York op"]
[Site "New York"]
[Date "1994.??.??"]
[Round "6"]
[White "Van Wely, Loek"]
[Black "Alburt, Lev O"]
[Result "1-0"]
[WhiteElo "2570"]
[BlackElo "2560"]
[PlyCount "69"]
[EventDate "1994.03.30"]
[EventType "swiss"]
[EventRounds "9"]
[EventCountry "USA"]
[SourceTitle "CBM 040 Extra"]
[Source "ChessBase"]
[SourceDate "1994.07.01"]
[SourceVersion "1"]
[SourceVersionDate "1994.07.01"]
[SourceQuality "1"]

1. d4 Nf6 2. c4 e5 3. dxe5 Ne4 4. a3 Qh4 5. g3 Qh5 6. Bg2 Qxe5 7. Qc2 Nf6 8. Nf3 Qh5 9. Nc3 Be7 10. h3 c6 11. e4 d6 12. b4 Nfd7 13. Ne2 f6 14. Nfd4 Nb6 15. Nf5 Bxf5 16. exf5 Qf7 17. c5 dxc5 18. bxc5 N6d7 19. Be3 Na6 20. Nf4 Naxc5 21. 0-0 0-0 22. Rfd1 Rfc8 23. Ne6 b6 24. a4 g6 25. Nd4 Kh8 26. Nxc6 Bf8 27. Bd5 Qg7 28. Qb2 gxf5 29. Nd4 Rab8 30. Bf4 Ne5 31. Nxf5 Qc7 32. Bg2 Re8 33. Ne3 Ncd3 34. Qd4 Bc5 35. Qxd3 1-0

[Event "World op 21st"]
[Site "Philadelphia"]
[Date "1993.??.??"]
[Round "6"]
[White "Dzindzichashvili, Roman"]
[Black "Alburt, Lev O"]
[Result "1/2-1/2"]
[WhiteElo "2535"]
[BlackElo "2545"]
[PlyCount "87"]
[EventDate "1993.??.??"]
[EventType "swiss"]
[EventRounds "9"]
[EventCountry "USA"]
[SourceTitle "EXT 1997"]
[Source "ChessBase"]
[SourceDate "1996.11.15"]
[SourceVersion "1"]
[SourceVersionDate "1996.11.15"]
[SourceQuality "1"]

1. c4 c5 2. Nc3 Nf6 3. Nf3 Nc6 4. g3 d5 5. cxd5 Nxd5 6. Bg2 Nc7 7. 0-0 g6 8. Qa4 Bg7 9. d3 Bd7 10. Qh4 h6 11. Bd2 b6 12. a3 a5 13. Na4 g5 14. Qh5 Ne6 15. Nc3 Qc8 16. h3 Bf6 17. Nh2 Ne5 18. e3 Ng7 19. Qe2 Bxh3 20. Bxh3 Qxh3 21. d4 cxd4 22. exd4 Nd7 23. Nd5 0-0 24. Nxe7+ Kh8 25. Nc6 Rac8 26. Rac1 Nf5 27. Qg4 Qxg4 28. Nxg4 Bg7 29. Kg2 Nxd4 30. Nxd4 Bxd4 31. Nxh6 Bxb2 32. Nxf7+ Kg8 33. Rxc8 Rxc8 34. Nxg5 Bxa3 35. Rb1 Rc2 36. Be3 a4 37. Ne6 Kf7 38. Nd4 Ra2 39. Nb5 Bb2 40. Kf3 Ne5+ 41. Ke4 Nc4 42. Kd3 Nxe3 43. fxe3 Be5 44. Nd4 1/2-1/2

[Event "New York op"]
[Site "New York"]
[Date "1993.??.??"]
[Round "1"]
[White "Floreen, David"]
[Black "Alburt, Lev O"]
[Result "0-1"]
[WhiteElo "2330"]
[BlackElo "2535"]
[PlyCount "80"]
[EventDate "1993.04.07"]
[EventType "swiss"]
[EventRounds "9"]
[EventCountry "USA"]
[SourceTitle "TD"]
[Source "ChessBase"]
[SourceDate "1994.03.01"]
[SourceVersion "1"]
[SourceVersionDate "1994.03.01"]
[SourceQuality "1"]

1. d4 Nf6 2. Nc3 d5 3. Bg5 c5 4. Bxf6 gxf6 5. e4 dxe4 6. dxc5 f5 7. Qxd8+ Kxd8 8. 0-0-0+ Bd7 9. Bc4 e6 10. g4 fxg4 11. Nxe4 Ke7 12. f3 Bc6 13. Ne2 Nd7 14. N2c3 Bg7 15. Rhe1 Bxc3 16. Nxc3 Bxf3 17. Be2 Nxc5 18. Bxf3 gxf3 19. Rf1 Rad8 20. Rxf3 Rxd1+ 21. Kxd1 f5 22. b4 Nd7 23. Nb5 Ne5 24. Rh3 Nc6 25. a3 a6 26. Nc3 h5 27. Ne2 Kf6 28. c4 e5 29. b5 Nd4 30. Nxd4 Rd8 31. bxa6 bxa6 32. Rxh5 Rxd4+ 33. Kc2 Rxc4+ 34. Kb3 Rg4 35. Rh8 Kg5 36. Rg8+ Kf4 37. Ra8 Rg6 38. h4 Rh6 39. h5 e4 40. Kc3 Ke3 0-1

[Event "World op 21st"]
[Site "Philadelphia"]
[Date "1993.??.??"]
[Round "?"]
[White "Friedman, Josef"]
[Black "Alburt, Lev O"]
[Result "0-1"]
[WhiteElo "2300"]
[BlackElo "2545"]
[PlyCount "82"]
[EventDate "1993.??.??"]
[EventType "swiss"]
[EventRounds "9"]
[EventCountry "USA"]
[SourceTitle "EXT 1999"]
[Source "ChessBase"]
[SourceDate "1998.11.16"]
[SourceVersion "1"]
[SourceVersionDate "1998.11.16"]
[SourceQuality "1"]

1. Nf3 Nf6 2. c4 c5 3. Nc3 Nc6 4. g3 d5 5. cxd5 Nxd5 6. Bg2 Nc7 7. 0-0 g6 8. d3 Bg7 9. Be3 b6 10. Qa4 Bd7 11. Qh4 e5 12. Bg5 f6 13. Bh6 0-0 14. Bxg7 Kxg7 15. Rac1 Rc8 16. a3 Qe7 17. Rfe1 Rfd8 18. Nd2 Nd4 19. Nc4 h5 20. Qe4 Bc6 21. Qe3 Nf5 22. Qd2 Bxg2 23. Kxg2 h4 24. Rb1 Ne6 25. e4 Nfd4 26. Qd1 Qd7 27. Ne3 Ng5 28. Qg4 h3+ 29. Kh1 Qxg4 30. Nxg4 Ngf3 31. Red1 Nb3 32. Nd5 Rd6 33. Nge3 b5 34. Nc3 a6 35. Ne2 Nfd2 36. Nc1 Nxb1 37. Nxb3 c4 38. Na5 c3 39. Rxb1 cxb2 40. Nb3 Rxd3 41. Rxb2 Rxb3 0-1

[Event "World op 21st"]
[Site "Philadelphia"]
[Date "1993.??.??"]
[Round "4"]
[White "Yermolinsky, Alex"]
[Black "Alburt, Lev O"]
[Result "0-1"]
[WhiteElo "2605"]
[BlackElo "2545"]
[PlyCount "54"]
[EventDate "1993.??.??"]
[EventType "swiss"]
[EventRounds "9"]
[EventCountry "USA"]
[SourceTitle "EXT 1997"]
[Source "ChessBase"]
[SourceDate "1996.11.15"]
[SourceVersion "1"]
[SourceVersionDate "1996.11.15"]
[SourceQuality "1"]

1. Nf3 Nf6 2. c4 c5 3. Nc3 e6 4. g3 d5 5. cxd5 Nxd5 6. Bg2 Nc6 7. 0-0 Be7 8. d4 0-0 9. e4 Nb6 10. dxc5 Qxd1 11. Rxd1 Bxc5 12. Bf4 f6 13. Rac1 e5 14. Nd5 Bd4 15. Be3 Bg4 16. Rd2 Bxe3 17. fxe3 Rad8 18. Nh4 Rd7 19. Nf5 Nxd5 20. Rxd5 Rfd8 21. Rcc5 Kf8 22. h3 Bh5 23. Rxd7 Rxd7 24. Rd5 Be8 25. a3 g6 26. Nd6 Ne7 27. Rd2 b5 0-1

[Event "New York op"]
[Site "New York"]
[Date "1992.??.??"]
[Round "6"]
[White "Alburt, Lev O"]
[Black "Lesiege, Alexandre"]
[Result "1-0"]
[WhiteElo "2535"]
[BlackElo "2375"]
[PlyCount "83"]
[EventDate "1992.04.??"]
[EventType "swiss"]
[EventRounds "9"]
[EventCountry "USA"]
[SourceTitle "TD"]
[Source "ChessBase"]
[SourceDate "1994.03.01"]
[SourceVersion "1"]
[SourceVersionDate "1994.03.01"]
[SourceQuality "1"]

1. d4 Nf6 2. c4 g6 3. Nc3 Bg7 4. e4 0-0 5. Be2 d6 6. Bg5 c5 7. d5 a6 8. a4 Qa5 9. Bd2 e6 10. Nf3 exd5 11. exd5 Bg4 12. 0-0 Qc7 13. h3 Bxf3 14. Bxf3 Nbd7 15. Re1 Ne8 16. Be2 f5 17. f4 Bd4+ 18. Kh2 Ng7 19. Qc2 Rae8 20. Bf3 Nf6 21. Re2 Qd8 22. g3 Rf7 23. Rae1 Rfe7 24. Qd3 Nd7 25. Kg2 Rxe2+ 26. Nxe2 Bf6 27. g4 h6 28. Ng3 Bh4 29. Re3 Rxe3 30. Qxe3 Bf6 31. gxf5 Bh4 32. Be4 Bxg3 33. Qxg3 Qe8 34. Bd3 gxf5 35. Bc3 Qe7 36. Bxf5 Qe2+ 37. Kg1 Nf6 38. Bxf6 Qd1+ 39. Kf2 Qd2+ 40. Kf3 Qd1+ 41. Ke3 Qc1+ 42. Ke2 1-0

[Event "World op 20th"]
[Site "Philadelphia"]
[Date "1992.??.??"]
[Round "6"]
[White "Alburt, Lev O"]
[Black "Rios Parra, Alejandro"]
[Result "1-0"]
[WhiteElo "2535"]
[BlackElo "2285"]
[PlyCount "129"]
[EventDate "1992.06.??"]
[EventType "swiss"]
[EventRounds "9"]
[EventCountry "USA"]
[SourceTitle "TD"]
[Source "ChessBase"]
[SourceDate "1994.03.01"]
[SourceVersion "1"]
[SourceVersionDate "1994.03.01"]
[SourceQuality "1"]

1. d4 Nf6 2. c4 g6 3. Nc3 Bg7 4. e4 0-0 5. Be2 d6 6. Bg5 h6 7. Be3 e5 8. d5 Kh8 9. h4 Ng8 10. g4 f5 11. g5 f4 12. Bd2 Nd7 13. Bg4 Nc5 14. Bxc8 Qxc8 15. gxh6 Bxh6 16. Nf3 Nf6 17. Qe2 a5 18. 0-0-0 Qd7 19. Rdg1 Rg8 20. Ng5 Bxg5 21. Rxg5 Rg7 22. f3 Qf7 23. Be1 Ncd7 24. Bf2 b6 25. b3 Nf8 26. Kb2 N8h7 27. Rgg1 Rag8 28. a3 Nh5 29. Rh2 N7f6 30. b4 axb4 31. axb4 Rf8 32. Ra1 Ng3 33. Qd3 Rh7 34. Bg1 Qg8 35. Nb5 Ra8 36. Ra3 Rxa3 37. Qxa3 Nf1 38. Rg2 Ne8 39. Bf2 Qf7 40. Qa8 Kg7 41. Kc3 Ng3 42. Qd8 Kf8 43. Kd3 g5 44. Qxg5 Rg7 45. Qh6 Ke7 46. h5 Qxh5 47. Qxh5 Nxh5 48. Bh4+ Kd7 49. Ra2 Rg8 50. Ra8 Nef6 51. Ra7 Ne8 52. Bf2 Kd8 53. Nxc7 Nxc7 54. Bxb6 Rg7 55. c5 Kc8 56. c6 Kb8 57. Rb7+ Kc8 58. Ba7 Na6 59. Rxg7 Nxg7 60. b5 Nb8 61. Kc4 Nh5 62. b6 Nf6 63. Kb5 Nfd7 64. b7+ Kc7 65. cxd7 1-0

[Event "World op 20th"]
[Site "Philadelphia"]
[Date "1992.??.??"]
[Round "9"]
[White "Fedorowicz, John P"]
[Black "Alburt, Lev O"]
[Result "1/2-1/2"]
[WhiteElo "2530"]
[BlackElo "2535"]
[PlyCount "212"]
[EventDate "1992.06.??"]
[EventType "swiss"]
[EventRounds "9"]
[EventCountry "USA"]
[SourceTitle "TD"]
[Source "ChessBase"]
[SourceDate "1994.03.01"]
[SourceVersion "1"]
[SourceVersionDate "1994.03.01"]
[SourceQuality "1"]

1. d4 f5 2. Nf3 Nf6 3. Bg5 Ne4 4. h4 g6 5. Bf4 Bg7 6. c3 d6 7. h5 Nd7 8. Qb3 Ndf6 9. hxg6 hxg6 10. Rxh8+ Bxh8 11. Ng5 Nxg5 12. Bxg5 Kf8 13. Nd2 c6 14. 0-0-0 Qb6 15. Qc2 Qa5 16. a3 Be6 17. Qd3 Bg7 18. Re1 Ne4 19. Be3 Nxd2 20. Bxd2 Qd5 21. e4 Qa2 22. f3 b5 23. g4 Bc4 24. Qb1 Qxb1+ 25. Kxb1 Bxf1 26. Rxf1 Kf7 27. Rh1 fxe4 28. fxe4 Kg8 29. Rf1 Bf6 30. Kc2 Rc8 31. Be3 a5 32. a4 Rb8 33. b3 Bg7 34. Bd2 e5 35. axb5 cxb5 36. d5 Ra8 37. Kb2 a4 38. Bg5 Bf8 39. Ra1 Rb8 40. Ka3 axb3 41. Kxb3 Rc8 42. Re1 Rc4 43. Bc1 Kf7 44. Bd2 Be7 45. Kc2 Bd8 46. Kd3 Rc7 47. Ra1 Rb7 48. Ra8 Bb6 49. Bh6 Bc5 50. Rf8+ Ke7 51. Rg8 Ra7 52. Rg7+ Ke8 53. Rxg6 Ra1 54. Rg8+ Kf7 55. Rg7+ Ke8 56. g5 Rh1 57. Rb7 Rh3+ 58. Ke2 Be3 59. Rxb5 Bf4 60. Rb6 Kd7 61. Rb7+ Kc8 62. Rb2 Kc7 63. Kf2 Rh5 64. Ra2 Bxg5 65. Bxg5 Rxg5 66. Ra7+ Kc8 67. Ra6 Kd7 68. c4 Rg4 69. Kf3 Rg1 70. Rc6 Rc1 71. Ke2 Rc3 72. Kd2 Rh3 73. c5 dxc5 74. Rxc5 Rh2+ 75. Kc3 Rh3+ 76. Kd2 Rh2+ 77. Ke3 Rh3+ 78. Kf2 Rh2+ 79. Kf3 Rh6 80. Ra5 Rf6+ 81. Ke3 Rb6 82. Ra7+ Kd6 83. Kd3 Rb3+ 84. Ke2 Kc5 85. Kf2 Kd4 86. Ra4+ Kc5 87. Ra8 Kd4 88. Ra4+ Kc5 89. Kg2 Re3 90. Kf2 Rb3 91. Ke2 Rh3 92. Ra8 Kd4 93. Ra4+ Kc5 94. Kd2 Rg3 95. Ra1 Kd4 96. Re1 Rd3+ 97. Kc2 Rc3+ 98. Kb2 Rh3 99. d6 Kc5 100. Rd1 Rh8 101. d7 Rd8 102. Kc3 Kc6 103. Kc4 Rxd7 104. Rxd7 Kxd7 105. Kd5 Kd8 106. Kd6 Ke8 1/2-1/2

[Event "US Open-92"]
[Site "Los Angeles"]
[Date "1991.??.??"]
[Round "?"]
[White "Alburt, Lev O"]
[Black "Chapa, Eric"]
[Result "1-0"]
[WhiteElo "2535"]
[BlackElo "2245"]
[PlyCount "67"]
[EventDate "1991.07.28"]
[EventType "swiss"]
[EventRounds "12"]
[EventCountry "USA"]
[SourceTitle "EXT 2000"]
[Source "ChessBase"]
[SourceDate "1999.11.16"]
[SourceVersion "1"]
[SourceVersionDate "1999.11.16"]
[SourceQuality "1"]

1. d4 Nf6 2. c4 g6 3. Nc3 d5 4. cxd5 Nxd5 5. e4 Nxc3 6. bxc3 Bg7 7. Be3 c5 8. Qd2 Qa5 9. Rc1 0-0 10. Nf3 Bg4 11. Be2 Nc6 12. d5 Rad8 13. 0-0 Bxf3 14. gxf3 b6 15. Qc2 Nb8 16. Bd2 Nd7 17. Rb1 f5 18. Kg2 f4 19. Bb5 c4 20. Rb4 Ne5 21. Rfb1 a6 22. Ra4 Qxb5 23. Rxb5 axb5 24. Rb4 Rd6 25. Rxb5 g5 26. Qb1 Rff6 27. h3 Ng6 28. Kf1 Ne5 29. Ke2 Rh6 30. a4 Rxh3 31. Rxb6 Rxb6 32. Qxb6 Nxf3 33. a5 Nxd2 34. Qc6 1-0